Kto napisał tę książkę? #6 - Statystyki

Ogólne statystyki
  • Ten quiz został rozwiązany 41 razy
  • Średni wynik to 7 z 12
Statystyki odpowiedzi
Tytuł książki Autor % Poprawnych
Dziady część III Adam Mickiewicz
100%
Zemsta Aleksander Fredro
100%
Władca Pierścieni J.R.R. Tolkien
90%
Wiedźmin Andrzej Sapkowski
85%
Akademia Pana Kleksa Jan Brzechwa
72%
Zdążyć przed Panem Bogiem Hanna Krall
49%
Alicja w krainie czarów Lewis Carroll
49%
Dom dzienny, dom nocny Olga Tokarczuk
38%
Frankenstein Mary Shelley
33%
Igrzyska śmierci Suzanne Collins
26%
Baśniobór Brandon Mull
13%
Baśń o wężowym sercu albo Wtóre słowo o Jakóbie Szeli Radek Rak
10%
Nie znaleziono quizów pasujących do podanych kryteriów
Rozkład punktacji
Procent ludzi z każdym wynikiem
Percentyl według liczby udzielonych odpowiedzi
Twoja historia wyników
Nie rozwiązałeś tego quizu